|
|
|
|
| LEADER |
00000cam a2200000 7i4500 |
| 001 |
0000004799 |
| 002 |
000005174 |
| 005 |
20000330.0 |
| 020 |
|
|
|a 0356191087
|
| 090 |
0 |
0 |
|a 333.720941
|b FRI
|
| 245 |
0 |
0 |
|a Friends of the earth handbook
|c edited by Jonathan Dorritt ; foreword by David Gee
|
| 260 |
|
|
|a London :
|b Orbit House ,
|c 1990
|
| 300 |
|
|
|a 162 p. ;
|c 22 cm.
|
| 650 |
0 |
0 |
|a Friends of the Earth
|
| 651 |
|
0 |
|a Great Britain
|x Conservation
|x Environment
|
| 700 |
1 |
|
|a Gee, David ,
|e foreword by
|
| 700 |
1 |
|
|a Porritt, Jonathon
|
| 999 |
|
|
|a 037531
|b BUKU
|c PINJAMAN
|e PERPUSTAKAAN KOMUNITI PETALING JAYA
|